Napisz jakie to bloki z Minecrafta - Statystyki

Ogólne statystyki
  • Ten quiz został rozwiązany 36 razy
  • Średni wynik to 8 z 16
Statystyki odpowiedzi
Obrazkowy Odpowiedź % Poprawnych
Obsydian
83%
Dębowy płot
80%
Andezyt
69%
Piasek dusz
69%
Jajo smoka
66%
Ciemnodębowe drzwi
60%
Tuf
57%
Bazalt
51%
Blok netherytu
49%
Ciemnodębowa furtka
43%
Czernit
31%
Akacjowa płyta
29%
Kamień Endu
29%
Blok purpuru
23%
Sculkowy katalizator
11%
Endowy słupek
9%
Nie znaleziono quizów pasujących do podanych kryteriów
Rozkład punktacji
Procent ludzi z każdym wynikiem
Percentyl według liczby udzielonych odpowiedzi
Twoja historia wyników
Nie rozwiązałeś tego quizu